| 000 | 00698nam a22002057a 4500 | ||
|---|---|---|---|
| 999 |
_c8301 _d8301 |
||
| 003 | AR-CdUCM | ||
| 008 | 190322b ||||| |||| 00| 0 spa d | ||
| 040 |
_aMUNICIPALIDAD PROVINCIAL DEL CUSCO _cBIBLIOTECA MUNICIPAL DEL CUSCO |
||
| 082 |
_a858.93 / _bP25 |
||
| 100 |
_aPapini, Giovanni _917817 |
||
| 245 | _aGOG / | ||
| 260 |
_aBuenos Aires : _bTor. _c1944. |
||
| 300 |
_a190 páginas ; _c18 cm. |
||
| 505 | _aContenido: Como conocĂ a Gog -- Las obras maestras de la literatura -- Visita a Ford -- El milagro a domicilio -- La Fom -- La ciudad abandonada ... | ||
| 650 |
_aLiteratura Italiana _9615 |
||
| 650 |
_aEnsayos _9375 |
||
| 650 |
_aSiglo XX _98 |
||
| 942 |
_2ddc _cLIBROS |
||
| 945 | _aachl | ||